| 000 | 00601nam a2200217 a 4500 | ||
|---|---|---|---|
| 001 | 19007 | ||
| 003 | BD-RjUL | ||
| 005 | 20211209000354.0 | ||
| 008 | 140223s1962 enk 000 1 eng d | ||
| 035 |
_aCURL 030000007318(Gla) from mcbc163 _a(BD-RjUL)19065 |
||
| 040 |
_aBD-RjUL _beng _cBD-RjUL _dBD-RjUL |
||
| 041 | _aeng | ||
| 082 |
_a823.91 _bAMM 1962 |
||
| 100 | 1 |
_aAmis, Kingsley. _958577 |
|
| 245 | 1 | 0 |
_aMy enemy's enemy / _c Kingsley Amis |
| 260 |
_aLondon : _bGollancz, _cc1962 |
||
| 300 |
_a224 p. : _c19 cm. |
||
| 650 |
_aShort stories. _958578 |
||
| 942 |
_2ddc _cBK |
||
| 999 |
_c19007 _d19007 |
||